00714nam a2200193Ia 4500001001000000003000500010008004100015010001100056040000900067100003600076245015100112260003400263300001000297502010600307650001600413650001300429650002800442710005000470Para_8751CHAP220125s2003 xx 000 0 und d a207551 cCHAP aSantoyo Cuevas, Héctor Miguel aControl químico del chayotillo y otras malezas en dos sitemas (sic.) de labranza en el cultivo del maíz /c por Héctor Miguel Santoyo Cuevas aChapingo, Méx. :b el autor a60 h. aTesis (Ing. Agr. Esp. en Parasitología Agrícola) -- UACh. Departamento Parasitología Agrícola aHerbicidas  aLabranza 0aMalas hierbas xControl aUACh. Departamento Parasitología Agrícola